| 000 | 00419pab a2200157 454500 | ||
|---|---|---|---|
| 008 | 180718b xxu||||| |||| 00| 0 eng d | ||
| 100 | _aDemchak, Chris C | ||
| 245 | _aComplexity, rogue outcomes and weapon systems | ||
| 650 | _a War | ||
| 650 | _a Organisation | ||
| 650 | _a Militar Technology | ||
| 650 | _a Army | ||
| 650 | _aU.S.A. - Army - Organisation | ||
| 773 | _aPublic Administrative Review | ||
| 909 | _a22440 | ||
| 999 |
_c22440 _d22440 |
||